000 00302nam a22001217a 4500
100 _aAldrige,Trevor
245 _aLetting business premises
260 _aLondon
_bOyez publication
_c1971
300 _axiv,158p.
_b21cm.
500 _aincludes indexes
650 _aLetting business premises
942 _cBK
999 _c16700
_d16700